000 00518nam a2200193 a 4500
001 138
003 CO-ViMGA
008 141112s2004 ck r 000 u spa d
040 _aCO-ViMGA
_bspa
_cCO-ViMGA
082 0 4 _a823.74 P37b
100 1 _aAusten, Jane
_947854
245 1 0 _aPersuasión /
_cJane Austen
260 _aBarcelona :
_bNorma,
_c1990
300 _a305, 56 p
490 _aCara y cruz
500 _aEncuadernado con A propósito de Jane Austen y su obra.
650 1 4 _aNOVELA INGLESA
942 _2ddc
_cBK
999 _c12388
_d12388